20 plus petites capitales du monde - Statistiques

Statistiques générales
  • Ce quiz a été pris 75 fois
  • Le résultat moyen est 7 sur 20
Statistiques - réponses
Population Réponse % Correct
826 Vatican
94%
22 884 Andorre la Vieille
77%
4 493 Saint Marin
71%
5 248 Vaduz
61%
6 675 La Valette
45%
4 492 Funafuti
30%
22 400 Nukualofa
30%
299 Ngerulmud
25%
9 900 Palikir
25%
29 298 Victoria
25%
1 100 Yaren
25%
7 500 Saint Georges
23%
13 048 Basseterre
22%
14 847 Roseau
22%
22 679 Saint John's
22%
25 400 Majuro
20%
30 000 Tarawa
17%
28 135 Bandar Seri Begawan
14%
16 451 Belmopan
13%
34 828 Banjul
6%
Aucun quiz correspondant
Distribution des résultats
% des personnes avec chaque résultat
Percentile par nombre de réponses
Votre historique - résultats
Vous n’avez pas pris ce quiz